000 003720000a22001090004500
090 _aAS
_bSeriadas
245 1 0 _aAlgunos métodos matemáticos aplicados a estudios forestales
041 0 _aEspañol
100 1 _aPoveda Ramos, Gabriel
_999175
942 _cARTICULO
773 1 _tRevista de la Academia Colombiana de Ciencias Exactas, Fisicas y Naturales
_332
_h56
_q5-21
_d1980
_g15
999 _c14270
_d14270